000
00215nam a22000977a 4500
003
OSt
008
200923b ||||| |||| 00| 0 eng d
100
_a
Stevenson, Robert Louis
_9
4774
245
_a
Kidnapped
942
_c
BK
999
_c
16352
_d
16352